| 000 | 00588nam a2200193 a 4500 | ||
|---|---|---|---|
| 001 | 1963 | ||
| 005 | 20140414132001.0 | ||
| 008 | 040616s19uu xx 00 eng d | ||
| 020 | _a0-06-446709-0 | ||
| 050 |
_aTR 513.2'12 _bM868 1997 |
||
| 100 | _aMurphy, Stuart J. | ||
| 245 |
_aElevator magic : subtracting / _cby Stuart J. Murphy ; illustrated by G. Brian Karas. |
||
| 260 |
_aNew York : _bHarper Collins, _c1997. |
||
| 300 | _a32 p. : ill. ; cm. | ||
| 440 | _aMathStart, Level 2 | ||
| 650 |
_aSubtraction _xJuvenile literature. |
||
| 650 | _aChildren stories. | ||
| 999 |
_c113059 _d113059 |
||